| 000 | 00705nam a2200229 a 4500 | ||
|---|---|---|---|
| 999 |
_c7778 _d7778 |
||
| 001 | 7778 | ||
| 003 | BD-JhCC | ||
| 005 | 20180213191715.0 | ||
| 008 | 180213s1998 bg a|||| ||a| 001 0 ben d | ||
| 020 | _a9840737600 | ||
| 035 | _a(BD-JhCC)7778 | ||
| 040 |
_aBD-JhCC _dBD-JhCC |
||
| 041 | _aben | ||
| 082 |
_a574.8 _bPAS 1998 |
||
| 100 | _aপাশা,মোস্তফা কামাল. | ||
| 245 |
_aআণবিক জীববিজ্ঞান / _cড. মোস্তফা কামাল পাশা. |
||
| 260 |
_aঢাকা : _bবাংলা একাডেমী ; _c1998 . |
||
| 300 |
_a272 p. : _bill ; _c24 cm. |
||
| 651 | _aMolecular Biolgy | ||
| 942 |
_2lcc _cBK |
||